000 00773nam a2200265Ia 4500
003 OSt
005 20220924123552.0
006 a|||||r|||| 00| 0
007 ta
008 220923b |||||||| |||| 00| 0 urd d
020 _a9789388928151 (hbk)
020 _cINR 500.00
024 _a352979
037 _b2365, 17/02/2020, M.R. Publications
_cTextual
040 _aARTS
_cARTS
_burd
041 _2urd
_aurd
082 _aO168,6x, Q9
100 _aAhmad Firoz Au.
_9193192
245 0 _aTehqeeqat
260 _aNew Delhi
_b Brown book publications India
_c2019
300 _a294p.
_ccm.
650 _aURDU PROSE
_926866
942 _hO168,6x, Q9
_cTEXL
_2CC
999 _c416270
_d416270